|
|
|
|
| LEADER |
00000nla0a2200000 4500 |
| 001 |
642676 |
| 005 |
20250207155449.0 |
| 035 |
|
|
|a (RuTPU)RU\TPU\network\7635
|
| 035 |
|
|
|a RU\TPU\network\5415
|
| 090 |
|
|
|a 642676
|
| 100 |
|
|
|a 20150701d2014 k||y0rusy50 ca
|
| 101 |
0 |
|
|a rus
|
| 102 |
|
|
|a RU
|
| 135 |
|
|
|a drcn ---uucaa
|
| 181 |
|
0 |
|a i
|
| 182 |
|
0 |
|a b
|
| 200 |
1 |
|
|a Отдалённые результаты комплексной реабилитации больных детским церебральным параличом в виде спастической диплегии
|f А. В. Рогов [и др.]
|
| 203 |
|
|
|a Текст
|c электронный
|
| 225 |
1 |
|
|a Педиатрия
|
| 300 |
|
|
|a Заглавие с экрана
|
| 320 |
|
|
|a [Библиогр.: с. 41 (6 назв.)]
|
| 461 |
|
|
|t Terra Medica
|o междисциплинарный медицинский журнал
|d 1995-
|
| 463 |
|
|
|t № 3 (77)
|v [С. 39-41]
|d 2014
|
| 610 |
1 |
|
|a электронный ресурс
|
| 610 |
1 |
|
|a труды учёных ТПУ
|
| 610 |
1 |
|
|a реабилитация
|
| 610 |
1 |
|
|a ДЦП
|
| 610 |
1 |
|
|a детская инвалидность
|
| 610 |
1 |
|
|a ортопедия
|
| 701 |
|
1 |
|a Рогов
|b А. В.
|
| 701 |
|
1 |
|a Дорошева
|b Т. Г.
|
| 701 |
|
1 |
|a Коршунов
|b С. Д.
|
| 701 |
|
1 |
|a Барабаш
|b Р. З.
|
| 701 |
|
1 |
|a Левицкий
|b Е. Ф.
|
| 701 |
|
1 |
|a Нечаева
|b Е. И.
|
| 701 |
|
1 |
|a Пашков
|b В. К.
|c специалист в области физической культуры и спорта
|c профессор Томского политехнического университета, доктор медицинских наук
|f 1947-
|g Вячеслав Константинович
|3 (RuTPU)RU\TPU\pers\34472
|
| 712 |
0 |
2 |
|a Национальный исследовательский Томский политехнический университет (ТПУ)
|b Институт социально-гуманитарных технологий (ИСГТ)
|b Кафедра спортивных дисциплин (СД)
|3 (RuTPU)RU\TPU\col\18985
|
| 801 |
|
2 |
|a RU
|b 63413507
|c 20150701
|g RCR
|
| 856 |
4 |
|
|u http://www.terramedica.spb.ru/all/public/pdf/terra/3-77-2014-f293.pdf#page=39
|
| 942 |
|
|
|c CF
|